=LDR 00000nam 2200000 4500 =001 INLIS000000000001614 =005 20230802090353 =035 ##$$a 0010-0823000062 =007 ta =008 230802################g##########0#ind## =082 ##$$a 616.858 3 =084 ##$$a 616.858 3 KEM b =245 1#$$a Biarkan Mereka Tersenyum : $b Refleksi satu Tahun Pencanangan Kampanye Nasional Pencegahan Eksploitasi Seksual Komersial Anak di Lingkungan Pariwisata /$c BKKBN =250 ##$$a Cetakan ke 1 =260 ##$$a Jakarta :$b PT. Kameex Communications,$c 2004 =300 ##$$a 133 hlm : $b ilus ; $c 21 cm =500 ##$$a Refleksi satu Tahun Pencanangan Kampanye Nasional Pencegahan Eksploitasi Seksual Komersial Anak di Lingkungan Pariwisata =650 #4$$a Perlindungan Anak =110 #$$a Kementrian Kebudayaan dan Pariwisata =710 #$$a Komisi Nasional Perlindungan Anak